000 01271njm a2200433 c 4500
001 45410
003 DO-SdBNP
005 20250205083415.0
007 45410
008 160127s 2006 sp d spa
015 _a
017 _a
_b
020 _a8497645650
028 0 0 _a
_b
035 _a
040 _aBPMSU
_bspa
_cBPMSU
_e
082 _a927
_bB563R
_222
084 _a
_2
100 1 _aRodríguez Méndez, Berta,
_d1970-
_4
240 1 0 _a
_n
_r
245 1 0 _aBeethoven /
_cBerta Rodríguez Méndez.
246 1 4 _aLudwig van Beethoven.
260 _aBarcelona :
_bEdimat Libros,
_c2006
300 _a189 p. ;
_c23 cm.
_e
_b
490 0 _aGrandes biografías
500 _a
504 _aBibliografía. p.: 187-188
505 0 _a
511 1 _aLudwig Trio ; Hyo-Sun Lim, piano ; Orquesta Sinfónica de Galicia ; Víctor Pablo Pérez, director
590 _6Inventariado, 2022/VM
600 1 4 _aBeethoven, Ludwig van,
_d1770-1827
_vBiografías
650 4 _aMúsicos alemanes
_vBiografías
650 4 _aMúsica clásica
_xHistoria
700 1 2 _aBeethoven, Ludwig van
_d1770-1827
_t
_m
_n
_r
910 _aVMateo V.
942 _2ddc
_cBK
945 _aInventariado, 2018/LP
956 _aVMATEO
_b10
_c20160614
_dBPMSU
_f0069
999 _c10379
_d10379